000 00251nam a22001097a 4500
082 _a621.3KON
100 _aKonopinsk
245 _aElectromagnetic fields and relativistic partics
260 _aTokiyo
_bMcGraw Hill
_c1981
300 _a626
942 _cBK
999 _c12572
_d12572